[Event "Gran Canaria-chT 1819 B"]
[Site "Gran Canaria"]
[Date "2018.11.17"]
[Round "1.6"]
[White "Marchionna, Antonio"]
[Black "Julien Casteleiro, Ariel"]
[Result "1-0"]
[WhiteElo "1355"]
[BlackElo "1691"]
[PlyCount "87"]
[EventDate "2018.11.17"]
[EventType "swiss"]
[EventRounds "7"]
[EventCountry "ESP"]
[SourceTitle "EXT 2024"]
[Source "ChessBase"]
[SourceDate "2023.10.10"]
[SourceVersion "1"]
[SourceVersionDate "2023.10.10"]
[SourceQuality "1"]
[WhiteTeam "Hotel Avda de Canarias III"]
[BlackTeam "Hotel Avda de Canarias II"]
[WhiteTeamCountry "ESP"]
[BlackTeamCountry "ESP"]

1. Nf3 d6 2. d4 g6 3. e4 Bg7 4. Nc3 Bg4 5. Be3 Nf6 6. Bd3 Nc6 7. a3 0-0 8. h3 Bxf3 9. gxf3 Nh5 10. Qd2 Nxd4 11. 0-0-0 Nxf3 12. Qe2 Nd4 13. Qg4 e6 14. f4 f5 15. exf5 exf5 16. Qg2 c6 17. Bc4+ d5 18. Bxd4 Bxd4 19. Rxd4 Qf6 20. Rxd5 cxd5 21. Nxd5 Qd4 22. Ne7+ Kh8 23. Nxg6+ hxg6 24. Qxg6 Qxf4+ 25. Kb1 Ng3 26. Rg1 Rg8 27. Qf6+ Rg7 28. Bb3 Rb8 29. h4 b5 30. Rd1 Ne4 31. Qd4 Kh7 32. h5 Rb6 33. Ka1 Rd6 34. Bd5 Rgd7 35. c4 bxc4 36. Qxc4 Qe5 37. Bg8+ Kh8 38. Rxd6 Rxd6 39. Qc8 Nf6 40. Bb3+ Kh7 41. Qc7+ Kh6 42. Qf7 Nxh5 43. Qf8+ Ng7 44. Ka2 1-0

[Event "Las Palmas Insular-chT Segunda 1718"]
[Site "Las Palmas"]
[Date "2018.01.20"]
[Round "6.1"]
[White "Marchionna, Antonio"]
[Black "Duran Rodriguez, Jose Manuel"]
[Result "1/2-1/2"]
[WhiteElo "1369"]
[BlackElo "1861"]
[PlyCount "58"]
[EventDate "2017.10.28"]
[EventType "team-swiss"]
[EventRounds "9"]
[EventCountry "ESP"]
[SourceTitle "EXT 2019"]
[Source "ChessBase"]
[SourceDate "2018.10.10"]
[SourceVersion "1"]
[SourceVersionDate "2018.10.10"]
[SourceQuality "1"]
[WhiteTeam "Hotel Avda de Canarias IV"]
[BlackTeam "Sociedad La Montana II"]
[WhiteTeamCountry "ESP"]
[BlackTeamCountry "ESP"]

1. e4 c6 2. c4 d5 3. cxd5 cxd5 4. exd5 Qxd5 5. Nc3 Qa5 6. Nf3 Nc6 7. Be2 Nf6 8. 0-0 e6 9. d4 Be7 10. Bd2 Qb6 11. Na4 Qd8 12. Bc3 0-0 13. Qc2 Bd7 14. Nc5 Bc8 15. Bd3 h6 16. Rad1 Nd5 17. Rfe1 Ncb4 18. Bxb4 Nxb4 19. Qb3 Nxd3 20. Rxd3 Qb6 21. Rc1 Qxb3 22. Rxb3 b6 23. Ne4 Bb7 24. Re3 Rac8 25. Nc3 Rfd8 26. Rd1 Bxf3 27. Rxf3 Bf6 28. Rfd3 Rc4 29. Ne2 Rc2 1/2-1/2

[Event "Las Palmas Insular-chT Segunda 1718"]
[Site "Las Palmas"]
[Date "2018.01.13"]
[Round "5.3"]
[White "Marchionna, Antonio"]
[Black "Hernandez Guerra, Luna Yue"]
[Result "0-1"]
[WhiteElo "1369"]
[BlackElo "1671"]
[PlyCount "120"]
[EventDate "2017.10.28"]
[EventType "team-swiss"]
[EventRounds "9"]
[EventCountry "ESP"]
[SourceTitle "EXT 2019"]
[Source "ChessBase"]
[SourceDate "2018.10.10"]
[SourceVersion "1"]
[SourceVersionDate "2018.10.10"]
[SourceQuality "1"]
[WhiteTeam "Hotel Avda de Canarias V"]
[BlackTeam "Panaderia Pulido San Mateo"]
[WhiteTeamCountry "ESP"]
[BlackTeamCountry "ESP"]

1. e4 e6 2. Nc3 d5 3. exd5 exd5 4. Nf3 Nf6 5. d4 Be7 6. Bb5+ c6 7. Bd3 0-0 8. 0-0 Bg4 9. Re1 Nbd7 10. Bg5 Re8 11. h3 Bh5 12. g4 Bg6 13. Bxg6 hxg6 14. a3 Qc7 15. Qd2 Bd6 16. Rxe8+ Rxe8 17. Re1 Ne4 18. Nxe4 dxe4 19. Nh4 c5 20. Be3 cxd4 21. Bxd4 Bf4 22. Qc3 Qd8 23. Ng2 Bg5 24. Bxa7 Ne5 25. Rxe4 Qd5 26. Rxe5 Qxe5 27. Qxe5 Rxe5 28. Bd4 Re6 29. f4 Bf6 30. Bxf6 Rxf6 31. Kf2 g5 32. Ke3 Rc6 33. Kd3 gxf4 34. Nxf4 g5 35. Nh5 f5 36. gxf5 Rh6 37. h4 Rxh5 38. hxg5 Rxg5 39. c4 Rxf5 40. Kc3 Kf7 41. Kb4 b6 42. a4 Ke7 43. b3 Kd6 44. Ka3 Rc5 45. Kb4 Ke5 46. Kc3 Ra5 47. Kd3 Ra7 48. Kc3 Ke4 49. Kb4 Ra5 50. Kc3 Ke3 51. Kc2 Kd4 52. Kb2 Kd3 53. Ka3 Rc5 54. Kb4 Kc2 55. Ka3 Kc3 56. Ka2 Kb4 57. Kb2 Rg5 58. Kc2 Rg3 59. a5 bxa5 60. c5 Kxc5 0-1

[Event "Las Palmas Insular-chT Segunda-B 1617"]
[Site "Las Palmas"]
[Date "2017.02.04"]
[Round "10.4"]
[White "Martin Rodriguez, Francisco"]
[Black "Marchionna, Antonio"]
[Result "1-0"]
[WhiteElo "1310"]
[BlackElo "1341"]
[PlyCount "81"]
[EventDate "2016.10.22"]
[EventType "team-tourn"]
[EventRounds "14"]
[EventCountry "ESP"]
[SourceTitle "EXT 2018"]
[Source "ChessBase"]
[SourceDate "2017.10.13"]
[SourceVersion "1"]
[SourceVersionDate "2017.10.13"]
[SourceQuality "1"]
[WhiteTeam "Fundacion La Caja de Canarias IV"]
[BlackTeam "Hotel Avda de Canarias V"]
[WhiteTeamCountry "ESP"]
[BlackTeamCountry "ESP"]

1. e4 e5 2. Nf3 Nc6 3. Bc4 Bc5 4. 0-0 Nf6 5. Nc3 d6 6. d3 h6 7. h3 a6 8. a3 0-0 9. Ne2 Re8 10. Ng3 d5 11. exd5 Nxd5 12. Ne4 Ba7 13. c3 Bf5 14. Re1 Qd7 15. g4 Be6 16. Ng3 Nf4 17. Bxf4 Bxc4 18. dxc4 Qxd1 19. Raxd1 exf4 20. Nh5 Rxe1+ 21. Rxe1 g5 22. Nf6+ Kg7 23. Ne8+ Kg6 24. Nxc7 Rd8 25. Nd5 Rd7 26. b4 b5 27. Re8 Kg7 28. Ne5 Nxe5 29. Rxe5 bxc4 30. Kg2 Kf8 31. a4 Kg7 32. h4 gxh4 33. a5 h3+ 34. Kxh3 Bxf2 35. Nxf4 Rd6 36. Nd5 f6 37. Rf5 Re6 38. Kg2 Ba7 39. Kf3 Bb8 40. Kg2 Bd6 41. Kf3 1-0

[Event "Las Palmas Insular-chT Segunda-B 1617"]
[Site "Las Palmas"]
[Date "2016.11.19"]
[Round "5.4"]
[White "Ramirez Hernandez, Jose Isidro"]
[Black "Marchionna, Antonio"]
[Result "0-1"]
[WhiteElo "1381"]
[BlackElo "1341"]
[PlyCount "139"]
[EventDate "2016.10.22"]
[EventType "team-tourn"]
[EventRounds "14"]
[EventCountry "ESP"]
[SourceTitle "EXT 2018"]
[Source "ChessBase"]
[SourceDate "2017.10.13"]
[SourceVersion "1"]
[SourceVersionDate "2017.10.13"]
[SourceQuality "1"]
[WhiteTeam "Grandama III"]
[BlackTeam "Hotel Avda de Canarias V"]
[WhiteTeamCountry "ESP"]
[BlackTeamCountry "ESP"]

1. e4 e5 2. Nf3 Nc6 3. Bb5 d6 4. d3 Bg4 5. h3 Bh5 6. c3 Be7 7. Be3 a6 8. Ba4 b5 9. Bb3 Na5 10. Bc2 Nf6 11. Nbd2 0-0 12. Nf1 c5 13. Ng3 Bg6 14. b4 cxb4 15. cxb4 Nc6 16. a3 d5 17. 0-0 d4 18. Bg5 h6 19. Bd2 Qd7 20. Bb3 Bd6 21. a4 a5 22. bxa5 Nxa5 23. Bxa5 Rxa5 24. axb5 Qxb5 25. Bc4 Qc5 26. Qd2 Rfa8 27. Rxa5 Rxa5 28. Rc1 Qa3 29. Rc2 Bb4 30. Qe2 Qa1+ 31. Kh2 Nd7 32. Ra2 Rxa2 33. Qxa2 Qxa2 34. Bxa2 Kf8 35. Ne2 f6 36. g4 Bf7 37. Bxf7 Kxf7 38. Nfg1 Nc5 39. Nc1 Bd2 40. Nge2 Kg6 41. Kg3 Ne6 42. Nb3 Bf4+ 43. Kg2 Kg5 44. Ng1 Kg6 45. h4 h5 46. f3 Be3 47. Nh3 Kh6 48. Kf1 g5 49. hxg5+ fxg5 50. Kg2 h4 51. Kf1 Nf4 52. Nxf4 Bxf4 53. Kg2 Kg6 54. Na1 Kf6 55. Nc2 Ke6 56. Nb4 Kd6 57. Nd5 Bd2 58. Nf6 Bf4 59. Nd5 Bg3 60. Nf6 Kc6 61. Nh5 Be1 62. Nf6 Kb5 63. Nd7 Bg3 64. Nf6 Kb4 65. Nd5+ Kb3 66. Kh3 Kc2 67. f4 exf4 68. Nb4+ Kd2 69. Kg2 Ke3 70. e5 0-1

[Event "Las Palmas Insular-chT Segunda-B 1617"]
[Site "Las Palmas"]
[Date "2016.10.29"]
[Round "2.4"]
[White "Salazar Martin, Jose Maria"]
[Black "Marchionna, Antonio"]
[Result "1-0"]
[WhiteElo "1470"]
[BlackElo "1341"]
[PlyCount "105"]
[EventDate "2016.10.22"]
[EventType "team-tourn"]
[EventRounds "14"]
[EventCountry "ESP"]
[SourceTitle "EXT 2018"]
[Source "ChessBase"]
[SourceDate "2017.10.13"]
[SourceVersion "1"]
[SourceVersionDate "2017.10.13"]
[SourceQuality "1"]
[WhiteTeam "Mogan"]
[BlackTeam "Hotel Avda de Canarias V"]
[WhiteTeamCountry "ESP"]
[BlackTeamCountry "ESP"]

1. f4 Nf6 2. g3 d5 3. Nf3 e6 4. c3 Bd6 5. d4 c5 6. e3 Nc6 7. Ne5 Bxe5 8. fxe5 Ne4 9. Bg2 Qb6 10. 0-0 0-0 11. Nd2 Nxd2 12. Qxd2 Bd7 13. b3 Rfd8 14. Qf2 Be8 15. Ba3 cxd4 16. cxd4 Nb4 17. Bxb4 Qxb4 18. Bh3 Qb6 19. Rac1 Rac8 20. Rc2 Rxc2 21. Qxc2 Qc6 22. Rc1 Rc8 23. Qc5 Qxc5 24. Rxc5 Rxc5 25. dxc5 Bc6 26. Kf2 Kf8 27. Ke2 Ke7 28. Kd3 Kd7 29. Kd4 a5 30. a3 a4 31. b4 Ke7 32. Bf1 f5 33. b5 Be8 34. Be2 g5 35. Bd3 h5 36. Be2 Kd7 37. Bd1 Kc7 38. Bxa4 b6 39. c6 Bg6 40. Bd1 Bf7 41. h3 h4 42. g4 f4 43. exf4 gxf4 44. g5 Bg6 45. Bg4 f3 46. Bxf3 Bf5 47. Bg2 Kc8 48. Bf1 Kc7 49. a4 Kc8 50. a5 bxa5 51. b6 a4 52. c7 Kb7 53. Ba6+ 1-0